|
|
|
|
| LEADER |
00943nam a2200289 a 4500 |
| 001 |
28577 |
| 003 |
BD-DhAAL |
| 005 |
20141208125543.0 |
| 008 |
141208s1994 bg a 000 0 eng |
| 010 |
|
|
|a 96905448
|
| 020 |
|
|
|a 9840512455
|
| 025 |
|
|
|a B-E-96-905448; 13
|
| 040 |
|
|
|a DLC
|c DLC
|d BD-DhAAL
|
| 042 |
|
|
|a lcode
|
| 043 |
|
|
|a a-bg---
|
| 050 |
0 |
0 |
|a GR304.5
|b .Z357 1994
|
| 082 |
0 |
0 |
|a 398.2/095492
|2 21
|
| 100 |
1 |
|
|a Zaman, Niaz.
|9 6019
|
| 245 |
1 |
0 |
|a Princess Kalabati and other tales /
|c Niaz Zaman.
|
| 260 |
|
|
|a Dhaka :
|b University Press,
|c 1994.
|
| 300 |
|
|
|a 104 p. :
|b ill. ;
|c 27 cm.
|
| 541 |
|
|
|e 28577
|
| 650 |
|
0 |
|a Tales
|z Bangladesh.
|9 6728
|
| 650 |
|
0 |
|a Animals
|x Folklore.
|9 6729
|
| 942 |
|
|
|2 ddc
|c BK
|
| 999 |
|
|
|c 33272
|d 33272
|
| 952 |
|
|
|0 0
|1 0
|2 ddc
|4 0
|6 398_209549200000000_ZAM
|7 0
|9 44430
|a BRACUL
|b BRACUL
|c GEN
|d 2014-12-08
|e Development Book Agency
|g 300.00
|l 3
|m 7
|o 398.2095492 ZAM
|p 3010028577
|r 2026-01-17
|s 2025-11-20
|t 1
|w 2014-12-08
|y BK
|